[Event "FIDE Women's Grand Prix"]
[Site "Rostov-on-Don RUS"]
[Date "2011.08.03"]
[EventDate "2011.08.01"]
[Round "2"]
[Result "1/2-1/2"]
[White "Antoaneta Stefanova"]
[Black "Koneru Humpy"]
[WhiteElo "2524"]
[BlackElo "2614"]
[PlyCount "221"]

1. d4 d5 2. c4 e6 3. Nf3 Nf6 4. Nc3 Bb4 5. cxd5 exd5 6. Bg5
Nbd7 7. Rc1 c6 8. e3 Qa5 9. Qb3 Ne4 10. Bd3 Nxg5 11. Nxg5 h6
12. Nf3 O-O 13. O-O Nf6 14. a3 Bd6 15. Qc2 Re8 16. h3 Qd8
17. Nd2 Bd7 18. Bf5 Bxf5 19. Qxf5 Re6 20. Na4 b6 21. Rc2 Qd7
22. b4 Bc7 23. Nb2 a5 24. Rfc1 axb4 25. axb4 g6 26. Qf3 Bd6
27. Nd3 Ra4 28. Nf4 Bxf4 29. Qxf4 Rxb4 30. Qxh6 Ne4 31. Nxe4
dxe4 32. Qf4 Kg7 33. Qb8 Rb5 34. Ra2 Re8 35. Ra7 Rxb8 36. Rxd7
c5 37. Re7 cxd4 38. exd4 Rd8 39. Rcc7 Rf5 40. Rxe4 b5 41. Rb7
Rfd5 42. Ree7 Rf8 43. g3 Rxd4 44. Rxb5 Rd6 45. h4 Rfd8
46. Rbb7 Rf6 47. Re2 Rfd6 48. Kg2 R8d7 49. Rbb2 Rd3 50. Rb8
Rd8 51. Rxd8 Rxd8 52. g4 Rd3 53. Re7 Ra3 54. f3 Ra5 55. g5 Ra1
56. Re4 Rb1 57. Kg3 Rg1+ 58. Kf4 Ra1 59. Rd4 Re1 60. Rc4 Ra1
61. Ke5 Ra5+ 62. Ke4 Ra1 63. Rd4 Rf1 64. Ke3 Re1+ 65. Kf2 Ra1
66. Rf4 Ra6 67. Rb4 Ra1 68. Rb6 Rh1 69. Kg3 Rg1+ 70. Kh2 Ra1
71. Rf6 Rb1 72. Kg2 Ra1 73. f4 Ra3 74. f5 Ra4 75. fxg6 fxg6
76. Kg3 Ra3+ 77. Kg4 Ra4+ 78. Kg3 Ra3+ 79. Rf3 Ra4 80. Rb3 Rc4
81. Rb7+ Kg8 82. Re7 Ra4 83. Re3 Kg7 84. Rf3 Rb4 85. Rf4 Rb3+
86. Kg4 Rb7 87. Kf3 Rb3+ 88. Ke4 Rb5 89. Kd4 Ra5 90. Re4 Rf5
91. Ke3 Ra5 92. Rc4 Re5+ 93. Kd4 Rf5 94. Rc7+ Kg8 95. Ke4 Ra5
96. Rc4 Kg7 97. Rd4 Rb5 98. Rd5 Rb4+ 99. Ke5 Rxh4 100. Rd7+
Kg8 101. Kf6 Ra4 102. Rd6 Kh7 103. Rd7+ Kg8 104. Rg7+ Kf8
105. Rf7+ Kg8 106. Kxg6 Ra6+ 107. Rf6 Ra7 108. Rb6 Rg7+
109. Kh5 Rh7+ 110. Kg4 Ra7 111. Kh5 1/2-1/2

[Event "FIDE Women's Grand Prix"]
[Site "Rostov-on-Don RUS"]
[Date "2011.08.04"]
[EventDate "2011.08.01"]
[Round "3"]
[Result "1-0"]
[White "Alisa Galliamova"]
[Black "Antoaneta Stefanova"]
[WhiteElo "2492"]
[BlackElo "2524"]
[PlyCount "57"]

1. d4 d5 2. c4 c6 3. Nc3 Nf6 4. Nf3 e6 5. g3 dxc4 6. Bg2 b5
7. Ne5 Nd5 8. e4 Nb4 9. a3 Qxd4 10. axb4 Qxe5 11. Bf4 Qf6
12. e5 Qe7 13. O-O Qxb4 14. Ne4 Bb7 15. Bd2 Qb3 16. Qg4 Nd7
17. Bc3 O-O-O 18. Nd6+ Bxd6 19. exd6 b4 20. Bd4 a6 21. Rfc1
Qd3 22. Be3 c5 23. Rd1 Qb3 24. Bxb7+ Kxb7 25. Qe4+ Kb6
26. Rxa6+ Kxa6 27. Qc6+ Ka5 28. Ra1+ Qa3 29. Rxa3+ 1-0

[Event "FIDE Women's Grand Prix"]
[Site "Rostov-on-Don RUS"]
[Date "2011.08.05"]
[EventDate "2011.08.01"]
[Round "4"]
[Result "1/2-1/2"]
[White "Antoaneta Stefanova"]
[Black "Alexandra Kosteniuk"]
[WhiteElo "2524"]
[BlackElo "2497"]
[PlyCount "131"]

1. d4 Nf6 2. c4 e6 3. Nf3 b6 4. g3 Bb4+ 5. Nbd2 Bb7 6. Bg2 c5
7. a3 Bxd2+ 8. Qxd2 cxd4 9. Qxd4 Nc6 10. Qh4 Na5 11. Bg5 Rc8
12. Rc1 h6 13. O-O O-O 14. Bd2 Nb3 15. Rcd1 Nxd2 16. Rxd2 Qc7
17. b3 Qc5 18. Ra1 Ne4 19. Rd4 f5 20. e3 Qc7 21. Qe7 Rf7
22. Qb4 e5 23. Rdd1 f4 24. exf4 exf4 25. g4 Re8 26. a4 a5
27. Qa3 Nc5 28. b4 axb4 29. Qxb4 Ra8 30. Rd2 Be4 31. Rda2 Ra5
32. Qc3 d6 33. Re1 Qb7 34. Nh4 f3 35. Bf1 Qe7 36. Nxf3 Qd7
37. Nd2 Qxg4+ 38. Qg3 Qxg3+ 39. hxg3 Bc6 40. Rb1 Rb7 41. Bg2
Bxg2 42. Kxg2 Ra6 43. Re1 Rba7 44. Re8+ Kf7 45. Rd8 Ke7
46. Rg8 Ke6 47. Re8+ Re7 48. Rb8 Rxa4 49. Rb2 Raa7 50. Nf3 Nd7
51. Rc8 Ne5 52. Nxe5 Kxe5 53. Rxb6 Ra2 54. Rd8 Rd2 55. Rb3 Kf6
56. c5 d5 57. Rf3+ Kg6 58. c6 Rc7 59. Rd6+ Kh7 60. Rc3 d4
61. Rc4 Rd3 62. Rd7 Rc8 63. c7 Rc3 64. Rd8 Rxc7 65. Rxc7 Rxc7
66. Rxd4 1/2-1/2

[Event "FIDE Women's Grand Prix"]
[Site "Rostov-on-Don RUS"]
[Date "2011.08.07"]
[EventDate "2011.08.01"]
[Round "5"]
[Result "1/2-1/2"]
[White "Anna Muzychuk"]
[Black "Antoaneta Stefanova"]
[WhiteElo "2538"]
[BlackElo "2524"]
[PlyCount "136"]

1. e4 c6 2. d4 d5 3. e5 Bf5 4. Nc3 e6 5. g4 Bg6 6. Nge2 f6
7. h4 c5 8. exf6 Nxf6 9. Nf4 Bf7 10. g5 cxd4 11. Qxd4 Nc6
12. Qd1 d4 13. gxf6 dxc3 14. Qxd8+ Rxd8 15. bxc3 gxf6 16. Bc4
e5 17. Ne6 Rd6 18. Nc7+ Ke7 19. Bb3 Bxb3 20. axb3 Rd7 21. Nb5
a6 22. Na3 Rg8 23. Nc4 Ke6 24. Be3 f5 25. f3 Rg3 26. Nd2 Rg2
27. Rd1 Ne7 28. c4 f4 29. Bf2 Nf5 30. Ne4 Bb4+ 31. Kf1 Rxd1+
32. Kxg2 Rxh1 33. Kxh1 Be7 34. Kg2 Bxh4 35. Nc5+ Ke7 36. Nxb7
Bxf2 37. Kxf2 Nd4 38. Nc5 a5 39. Nb7 Nxc2 40. Nxa5 Nb4 41. Kg2
Nd3 42. Kh3 Kd6 43. Kg4 Kc5 44. Kf5 h5 45. b4+ Nxb4 46. Kxe5
Nd3+ 47. Ke4 h4 48. Nb3+ Kxc4 49. Nd2+ Kc3 50. Nf1 Kc2 51. Kf5
Kd1 52. Kg4 Ke2 53. Nh2 Kf2 54. Kxh4 Kg2 55. Ng4 Kxf3 56. Nf6
Kg2 57. Nd5 f3 58. Ne3+ Kg1 59. Ng4 Kg2 60. Ne3+ Kf2 61. Ng4+
Ke2 62. Kg3 Ne5 63. Nf2 Nc4 64. Nd3 Nd2 65. Nf4+ Kf1 66. Nd3
Ke2 67. Nf4+ Ke3 68. Ng2+ Ke2 1/2-1/2

[Event "FIDE Women's Grand Prix"]
[Site "Rostov-on-Don RUS"]
[Date "2011.08.08"]
[EventDate "2011.08.01"]
[Round "6"]
[Result "1/2-1/2"]
[White "Antoaneta Stefanova"]
[Black "Nadezhda Kosintseva"]
[WhiteElo "2524"]
[BlackElo "2560"]
[PlyCount "88"]

1. d4 Nf6 2. Nf3 d5 3. c4 e6 4. Nc3 Bb4 5. cxd5 exd5 6. Bg5
Nbd7 7. Rc1 h6 8. Bxf6 Bxc3+ 9. bxc3 Nxf6 10. e3 O-O 11. c4 c5
12. cxd5 cxd4 13. Qxd4 Qa5+ 14. Qd2 Qxd2+ 15. Kxd2 Rd8 16. Bc4
Be6 17. Nd4 Bxd5 18. f3 Rd6 19. Rc2 Bxc4 20. Rxc4 Rad8 21. Rb1
R8d7 22. Ke2 Nd5 23. g4 Ra6 24. Rb2 Ra3 25. Nb3 a5 26. Rd2 b6
27. Kf2 a4 28. Nc1 Rc7 29. Rxc7 Nxc7 30. Rd8+ Kh7 31. Ke2 Rc3
32. Kd2 Rc6 33. h4 Nb5 34. Ne2 Nd6 35. Nd4 Nc4+ 36. Ke2 Rc7
37. Ra8 Na5 38. Kd3 Rc1 39. Nc2 Nc4 40. f4 b5 41. Ra7 Rd1+
42. Kc3 Rc1 43. Kd3 Rd1+ 44. Kc3 Rc1 1/2-1/2

[Event "FIDE Women's Grand Prix"]
[Site "Rostov-on-Don RUS"]
[Date "2011.08.09"]
[EventDate "2011.08.02"]
[Round "7"]
[Result "0-1"]
[White "Elina Danielian"]
[Black "Antoaneta Stefanova"]
[WhiteElo "2521"]
[BlackElo "2524"]
[PlyCount "166"]

1. d4 d5 2. c4 c6 3. Nf3 Nf6 4. Nc3 a6 5. a4 e6 6. g3 Bb4
7. Bg2 Nbd7 8. O-O O-O 9. Qc2 a5 10. Rd1 b6 11. Ne5 Nxe5
12. dxe5 Nd7 13. cxd5 exd5 14. e4 d4 15. Rxd4 Qe7 16. Rd1 Nxe5
17. h3 Bc5 18. Ne2 Qf6 19. Bf4 Ba6 20. Nc1 Ng6 21. e5 Nxe5
22. Nb3 Bb4 23. Nd4 Rac8 24. Qf5 Qxf5 25. Nxf5 Nd3 26. Bf1
Nxf4 27. Bxa6 Nxh3+ 28. Kg2 Ra8 29. Bb7 Ra7 30. Rd7 Ng5
31. Nd4 Rb8 32. Nxc6 Raxb7 33. Nxb8 Rxb8 34. f4 Ne6 35. f5 Nc5
36. Rc7 g6 37. g4 gxf5 38. gxf5 Kg7 39. Kf3 Kf6 40. Rh1 Kxf5
41. Rxf7+ Ke6 42. Rfxh7 Rf8+ 43. Ke3 Nxa4 44. b3 Nc3 45. R7h6+
Kd7 46. Kd4 Nb5+ 47. Kd5 Nc7+ 48. Kc4 Rf4+ 49. Kd3 Bd6 50. Rg6
Nb5 51. Rh5 Rb4 52. Kc2 Nd4+ 53. Kc3 Ne2+ 54. Kc2 Nf4 55. Rh7+
Kc6 56. Rf6 Nd5 57. Re6 Rd4 58. Rh3 Nb4+ 59. Kc3 Rd5 60. Kb2
Kb5 61. Rhe3 Bc5 62. Rh3 Rd1 63. Rh5 Rd2+ 64. Kc1 Rd3 65. Kb2
Nc6 66. Kc2 Rg3 67. Re4 Ka6 68. Rhh4 Be7 69. Rhg4 Rh3 70. Rg6
Nb4+ 71. Kb2 Nd5 72. Ree6 Rh2+ 73. Kc1 Ba3+ 74. Kd1 Rh3
75. Kc2 Rc3+ 76. Kb1 Rxb3+ 77. Ka2 Rd3 78. Kb1 Rd2 79. Rg3 Bb4
80. Kc1 Rf2 81. Rgg6 a4 82. Rg8 a3 83. Re5 Bd2+ 0-1

[Event "FIDE Women's Grand Prix"]
[Site "Rostov-on-Don RUS"]
[Date "2011.08.10"]
[EventDate "2011.08.02"]
[Round "8"]
[Result "1-0"]
[White "Antoaneta Stefanova"]
[Black "Ekaterina Kovalevskaya"]
[WhiteElo "2524"]
[BlackElo "2427"]
[PlyCount "77"]

1. d4 d5 2. c4 e6 3. Nf3 c5 4. cxd5 exd5 5. Nc3 Nc6 6. g3 Nf6
7. Bg2 Be7 8. O-O O-O 9. Bg5 c4 10. Ne5 Be6 11. Nxc6 bxc6
12. b3 Qa5 13. Na4 Rab8 14. Bf4 Rbc8 15. bxc4 dxc4 16. e4 Rfd8
17. Bd2 Bb4 18. Bxb4 Qxb4 19. a3 Qe7 20. Nc5 Rb8 21. Rc1 Nd7
22. Nxe6 Qxe6 23. Qc2 Nb6 24. Rfd1 Qe7 25. Ra1 a5 26. Rd2 Qe6
27. Rc1 Qh6 28. f4 Qd6 29. Ra1 Qe7 30. Qc3 Qa7 31. Kh1 Qa6
32. Bf1 Qb5 33. Rc1 Re8 34. Rb2 Qa6 35. Rcb1 Rxe4 36. Qxc4 Qa7
37. Qxc6 Re6 38. Rxb6 Rbe8 39. Qb7 1-0

[Event "FIDE Women's Grand Prix"]
[Site "Rostov-on-Don RUS"]
[Date "2011.08.12"]
[EventDate "2011.08.02"]
[Round "9"]
[Result "1-0"]
[White "Tatiana Kosintseva"]
[Black "Antoaneta Stefanova"]
[WhiteElo "2557"]
[BlackElo "2524"]
[PlyCount "63"]

1. e4 c6 2. d4 d5 3. e5 Bf5 4. Nf3 e6 5. Be2 Ne7 6. O-O Nc8
7. b3 Be7 8. c4 Nd7 9. Nc3 O-O 10. Bd3 Bxd3 11. Qxd3 f5
12. exf6 Rxf6 13. Re1 Nd6 14. Ne5 Nf5 15. Bf4 dxc4 16. bxc4
Nxe5 17. Bxe5 Rg6 18. Ne2 Qd7 19. Nf4 Rh6 20. Rab1 Rf8 21. g3
b6 22. Qe4 g5 23. Nd3 Qe8 24. c5 bxc5 25. Nxc5 Bd6 26. Bxd6
Nxd6 27. Qg4 Rf5 28. Nb7 Qf8 29. Nxd6 Qxd6 30. Rb7 Qd5 31. h4
Qxa2 32. Qxf5 1-0

[Event "FIDE Women's Grand Prix"]
[Site "Rostov-on-Don RUS"]
[Date "2011.08.13"]
[EventDate "2011.08.02"]
[Round "10"]
[Result "0-1"]
[White "Antoaneta Stefanova"]
[Black "Kateryna Lahno"]
[WhiteElo "2524"]
[BlackElo "2536"]
[PlyCount "94"]

1. d4 Nf6 2. Nf3 g6 3. Nc3 d5 4. Bf4 Bg7 5. Qd2 O-O 6. Bh6 Ne4
7. Nxe4 dxe4 8. Bxg7 Kxg7 9. Ng5 e5 10. O-O-O Qxd4 11. Qxd4
exd4 12. Rxd4 e3 13. fxe3 h6 14. Nf3 Re8 15. Rd3 Na6 16. g3
Nb4 17. Rb3 c5 18. a3 Nd5 19. e4 c4 20. Rb5 Ne3 21. Rc5 Rd8
22. Nd2 Be6 23. b3 Rd7 24. bxc4 Rad8 25. Rd5 Bxd5 26. exd5 Rc7
27. Rg1 b5 28. Bg2 bxc4 29. Bf3 Nxd5 30. Nb1 Ne3 31. Nc3 h5
32. h4 Rcd7 33. Ne4 f5 34. Nc5 Rd1+ 35. Rxd1 Rxd1+ 36. Kb2 Rd2
37. Kc3 Rxc2+ 38. Kd4 Nf1 39. e4 fxe4 40. Bxe4 Ra2 41. Ne6+
Kf6 42. Nf4 Nxg3 43. Bxg6 Ne2+ 44. Nxe2 Kxg6 45. Nf4+ Kh6
46. Kxc4 Rxa3 47. Kb5 Rg3 0-1

[Event "FIDE Women's Grand Prix"]
[Site "Rostov-on-Don RUS"]
[Date "2011.08.14"]
[EventDate "2011.08.02"]
[Round "11"]
[Result "1/2-1/2"]
[White "Yifan Hou"]
[Black "Antoaneta Stefanova"]
[WhiteElo "2575"]
[BlackElo "2524"]
[PlyCount "96"]

1. e4 c6 2. d4 d5 3. Nc3 dxe4 4. Nxe4 Bf5 5. Ng3 Bg6 6. h4 h6
7. Nf3 Nd7 8. h5 Bh7 9. Bd3 Bxd3 10. Qxd3 e6 11. Bd2 Ngf6
12. O-O-O Be7 13. Ne4 Qc7 14. Nxf6+ Bxf6 15. g3 Be7 16. Kb1
O-O-O 17. c4 Nf6 18. Qe2 c5 19. Bc3 cxd4 20. Bxd4 Bc5 21. Bxc5
Qxc5 22. Ne5 Nd7 23. Nxd7 Qf5+ 24. Ka1 Rxd7 25. Rxd7 Kxd7
26. Qd2+ Kc8 27. Rd1 Qxh5 28. Qd7+ Kb8 29. Qd6+ Kc8 30. a3 a6
31. c5 Qf3 32. c6 Qxc6 33. Qf4 e5 34. Qe3 Qb5 35. Rc1+ Kb8
36. Rc5 Qf1+ 37. Rc1 Qb5 38. Rc5 Qe8 39. Rxe5 Qc6 40. Qf4 Qc7
41. Qe4 Rc8 42. Re7 f5 43. Rxc7 fxe4 44. Rxg7 Rf8 45. Re7 Rxf2
46. Rxe4 h5 47. Rh4 Rf3 48. Rxh5 Rxg3 1/2-1/2

[Event "European Club Cup (Women)"]
[Site "Rogaska Slatina SLO"]
[Date "2011.09.25"]
[EventDate "2011.09.25"]
[Round "1.2"]
[Result "1/2-1/2"]
[White "Natascha Bojkovic"]
[Black "Antoaneta Stefanova"]
[WhiteElo "2378"]
[BlackElo "2528"]
[PlyCount "77"]

1. e4 c6 2. d4 d5 3. exd5 cxd5 4. c4 Nf6 5. Nc3 g6 6. cxd5
Nxd5 7. Qb3 Nb6 8. Bb5+ Bd7 9. a4 Nc6 10. Nf3 a6 11. Bxc6 Bxc6
12. Ne5 e6 13. Nxc6 bxc6 14. a5 Nd5 15. Qc4 Qc8 16. O-O Rb8
17. Ne4 Rb4 18. Qd3 Qb7 19. Bg5 f5 20. Nf6+ Kf7 21. Nxd5 cxd5
22. Bd2 Rb3 23. Qe2 Bd6 24. Rfe1 Re8 25. Bc3 h6 26. Rac1 Qb5
27. Qd2 Kg7 28. g3 Qd7 29. Re2 f4 30. Rce1 Qf7 31. Qd3 Rb5
32. Kg2 g5 33. f3 fxg3 34. hxg3 Bb8 35. Re3 Qc7 36. Re5 Qc6
37. R5e3 Qc7 38. Re5 Qc6 39. R5e3 1/2-1/2

[Event "European Club Cup (Women)"]
[Site "Rogaska Slatina SLO"]
[Date "2011.09.26"]
[EventDate "2011.09.25"]
[Round "2.1"]
[Result "1/2-1/2"]
[White "Antoaneta Stefanova"]
[Black "Alexandra Kosteniuk"]
[WhiteElo "2528"]
[BlackElo "2469"]
[PlyCount "178"]

1. d4 Nf6 2. c4 e6 3. Nf3 d5 4. Nc3 Be7 5. Bg5 h6 6. Bh4 O-O
7. e3 b6 8. cxd5 Nxd5 9. Bxe7 Qxe7 10. Nxd5 exd5 11. Rc1 Be6
12. Qd2 a5 13. a3 c5 14. dxc5 bxc5 15. Bb5 Rc8 16. Ne5 a4
17. O-O Qb7 18. Be2 Nc6 19. Nd3 c4 20. Nf4 Na5 21. Qc3 Rcb8
22. Rc2 Qb3 23. Qd2 Bf5 24. Rcc1 Qxb2 25. Qxd5 Bh7 26. Bf3 Ra7
27. Qc5 Qb6 28. Qxb6 Rxb6 29. Rfd1 g6 30. Rd8+ Kg7 31. Bd1 Rb3
32. Bxb3 axb3 33. Rb8 Nb7 34. Ne2 g5 35. Nc3 b2 36. Rf1 Bd3
37. Re1 Bg6 38. Rf1 Bd3 39. Re1 Bg6 40. a4 Nc5 41. Rxb2 Nd3
42. Ree2 Nxb2 43. Rxb2 Bf5 44. f3 Be6 45. g4 Kf6 46. Kf2 Ke7
47. Ke2 Ra8 48. e4 Ra7 49. Rb8 Bd7 50. Rb4 Be6 51. Kd2 Ra8
52. Rb7+ Kd6 53. Ke3 Kc6 54. Rb2 Rd8 55. Rd2 Ra8 56. e5 Kc5
57. Rd6 Ra5 58. Rd8 Kb4 59. Kd4 Kb3 60. Rb8+ Kc2 61. Rb4 Ra8
62. Rb6 Ra7 63. h3 Ra8 64. Rd6 Ra5 65. Ne4 Rxa4 66. Nc5 Rb4
67. Nxe6 fxe6 68. Rxe6 c3+ 69. Ke3 Kb2 70. Rc6 c2 71. Kd2 Rd4+
72. Ke3 Rd1 73. Ke4 Re1+ 74. Kf5 c1=Q 75. Rxc1 Kxc1 76. f4 Rf1
77. e6 Rxf4+ 78. Kg6 Re4 79. Kxh6 Re5 80. Kg6 Rxe6+ 81. Kxg5
Kd2 82. h4 Ke3 83. h5 Re5+ 84. Kf6 Kf4 85. h6 Ra5 86. h7 Ra6+
87. Kg7 Ra7+ 88. Kh6 Rxh7+ 89. Kxh7 Kxg4 1/2-1/2

[Event "European Club Cup (Women)"]
[Site "Rogaska Slatina SLO"]
[Date "2011.09.29"]
[EventDate "2011.09.25"]
[Round "5.1"]
[Result "0-1"]
[White "Nana Dzagnidze"]
[Black "Antoaneta Stefanova"]
[WhiteElo "2525"]
[BlackElo "2528"]
[PlyCount "86"]

1. Nf3 d5 2. g3 c6 3. Bg2 Nf6 4. O-O Bg4 5. Ne5 Bh5 6. d4 Nbd7
7. c4 e6 8. Nc3 Nxe5 9. dxe5 Nd7 10. cxd5 cxd5 11. h3 Bc5
12. g4 Bg6 13. Bf4 f6 14. exf6 Qxf6 15. Bg3 h5 16. Rc1 Rd8
17. Qb3 hxg4 18. hxg4 Qg5 19. Rfd1 Qxg4 20. Nxd5 exd5 21. Qxd5
Bf7 22. Qd3 O-O 23. e3 Bb6 24. Bd5 Nf6 25. Bxf7+ Rxf7 26. Qb3
Rxd1+ 27. Qxd1 Qxd1+ 28. Rxd1 Ne4 29. Kg2 Nxg3 30. Kxg3 Re7
31. b4 Kf7 32. Rd5 Bc7+ 33. Kf3 Ke6 34. Rb5 b6 35. Rg5 Be5
36. Ke4 Bd6 37. Rb5 Kd7+ 38. Kd4 Kc6 39. a4 a6 40. Rg5 Bxb4
41. Rg6+ Bd6 42. f4 Kc7 43. Kd5 Rxe3 0-1

[Event "European Club Cup (Women)"]
[Site "Rogaska Slatina SLO"]
[Date "2011.09.30"]
[EventDate "2011.09.25"]
[Round "6.1"]
[Result "1-0"]
[White "Antoaneta Stefanova"]
[Black "Elina Danielian"]
[WhiteElo "2528"]
[BlackElo "2517"]
[PlyCount "81"]

1. d4 d5 2. c4 c6 3. cxd5 cxd5 4. Nc3 Nf6 5. Bf4 a6 6. e3 Nc6
7. Bd3 Bg4 8. Nge2 e6 9. O-O Be7 10. Rc1 O-O 11. Na4 Rc8
12. a3 b5 13. Nc5 Bxc5 14. Rxc5 Bh5 15. Qc2 Na7 16. Bc7 Qe7
17. Nf4 Nd7 18. Bxh7+ Kh8 19. Rc3 b4 20. axb4 Nb5 21. Rc6 Nf6
22. Be5 Rxc6 23. Qxc6 Kxh7 24. Qxa6 Qd7 25. Bxf6 Bg4 26. h3
Bf5 27. Nh5 Kg6 28. Bxg7 Rc8 29. g4 Bc2 30. Be5 Rc4 31. Qb6
Ba4 32. b3 Rc6 33. Qa5 Bxb3 34. Qxb5 Bc4 35. Qb8 Rc8 36. Qd6
Qxd6 37. Bxd6 Bxf1 38. Kxf1 f5 39. Kg2 fxg4 40. hxg4 Rd8
41. Bc5 1-0

[Event "FIDE Women's Grand Prix Nalchik"]
[Site "Nalchik RUS"]
[Date "2011.10.09"]
[EventDate "2011.10.09"]
[Round "1"]
[Result "1/2-1/2"]
[White "Antoaneta Stefanova"]
[Black "Tatiana Kosintseva"]
[WhiteElo "2528"]
[BlackElo "2536"]
[PlyCount "91"]

1. d4 Nf6 2. Nf3 g6 3. Nbd2 Bg7 4. e4 d6 5. Bd3 O-O 6. O-O Nc6
7. Re1 e5 8. dxe5 Nxe5 9. Nxe5 dxe5 10. b3 Nh5 11. g3 Qe7
12. a4 Rd8 13. Nc4 Be6 14. Qf3 c6 15. Bb2 Nf6 16. a5 Ne8
17. Qe3 Qc7 18. Ba3 Bxc4 19. Bxc4 Nd6 20. Bc5 Nc8 21. b4 Bf8
22. Reb1 Rb8 23. Ra3 b6 24. axb6 axb6 25. Bxf8 Rxf8 26. Rd3
Nd6 27. Bb3 Rfd8 28. Rbd1 Nb7 29. Qh6 Qe7 30. g4 Ra8 31. g5
Qf8 32. Rd7 Rxd7 33. Rxd7 Nd8 34. Qxf8+ Kxf8 35. Rc7 Ra1+
36. Kg2 Rd1 37. Rc8 Ke7 38. Rc7+ Ke8 39. Kf3 Rd4 40. Ke3 Rxb4
41. Rc8 Rb5 42. Ra8 Ke7 43. Ra7+ Ke8 44. Ra8 Ke7 45. Ra7+ Ke8
46. Ra8 1/2-1/2

[Event "FIDE Women's Grand Prix Nalchik"]
[Site "Nalchik RUS"]
[Date "2011.10.10"]
[EventDate "2011.10.09"]
[Round "2"]
[Result "1-0"]
[White "Ju Wenjun"]
[Black "Antoaneta Stefanova"]
[WhiteElo "2536"]
[BlackElo "2528"]
[PlyCount "123"]

1. d4 d5 2. c4 c6 3. Nf3 Nf6 4. Nc3 a6 5. e3 e6 6. b3 Bb4
7. Bd2 Nbd7 8. Bd3 Qe7 9. O-O O-O 10. Qc2 dxc4 11. bxc4 e5
12. dxe5 Nxe5 13. Nxe5 Qxe5 14. Rab1 a5 15. Ne2 Bxd2 16. Qxd2
Ng4 17. Ng3 h5 18. f4 Qxe3+ 19. Qxe3 Nxe3 20. Rfe1 Ng4
21. Nxh5 g6 22. Ng3 Rd8 23. Rbd1 Be6 24. h3 Nf6 25. f5 gxf5
26. Nxf5 b5 27. Ne7+ Kf8 28. Nxc6 Rd6 29. cxb5 Bxa2 30. Be2
Bd5 31. Bf3 a4 32. Bxd5 Nxd5 33. Rd3 Re6 34. Rf1 Ne3 35. Rc1
a3 36. Ra1 Nc4 37. Rc3 Ra4 38. Rb3 Re2 39. b6 Rb2 40. Raxa3
Rxa3 41. Rxb2 Nxb2 42. b7 Rb3 43. b8=Q+ Rxb8 44. Nxb8 Nd3
45. Nc6 Ke8 46. Kh2 Kd7 47. Nd4 Kd6 48. Nf3 f5 49. Kg3 Ke6
50. Nd4+ Ke5 51. Ne2 Ke4 52. Nc3+ Kd4 53. h4 f4+ 54. Kg4 Kxc3
55. h5 Kd4 56. h6 Kd5 57. h7 Ne5+ 58. Kxf4 Ke6 59. Kg5 Ke7
60. Kh6 Nf7+ 61. Kg7 Ke6 62. g4 1-0

[Event "FIDE Women's Grand Prix Nalchik"]
[Site "Nalchik RUS"]
[Date "2011.10.11"]
[EventDate "2011.10.09"]
[Round "3"]
[Result "1/2-1/2"]
[White "Antoaneta Stefanova"]
[Black "Viktorija Cmilyte"]
[WhiteElo "2528"]
[BlackElo "2525"]
[PlyCount "174"]

1. d4 Nf6 2. c4 e6 3. Nf3 c5 4. d5 d6 5. Nc3 exd5 6. cxd5 g6
7. h3 Bg7 8. e4 a6 9. a4 Nbd7 10. Bd3 Nh5 11. Bg5 Bf6 12. Be3
Ne5 13. Be2 Nxf3+ 14. Bxf3 Ng7 15. Qd2 O-O 16. g4 Bh4 17. Kf1
b6 18. Rb1 f5 19. exf5 gxf5 20. Bf4 fxg4 21. hxg4 Qf6 22. Bd1
h5 23. Be3 hxg4 24. Ne4 Qe7 25. Bc2 Nf5 26. Bh6 Re8 27. Re1
Bd7 28. Kg2 Qf7 29. Bg5 Rxe4 30. Rxe4 Qh5 31. Bxh4 Nxh4+
32. Rxh4 Qxh4 33. Rf4 Re8 34. Bf5 Bxf5 35. Rxf5 Re7 36. Rg5+
Rg7 37. Rxg7+ Kxg7 38. Qf4 Qh3+ 39. Kg1 Qh6 40. Qf5 Qf6
41. Qc8 Kh6 42. Qc6 Qd8 43. Qb7 a5 44. Kg2 Kg6 45. Qc6 Kg5
46. Qb7 Kg6 47. Qc6 Kf5 48. Kg3 Ke5 49. Kxg4 Qg8+ 50. Kh5 Qf7+
51. Kh6 Qf6+ 52. Kh7 Qxf2 53. Qxb6 Qc2+ 54. Kg7 Qxa4 55. Kf8
Qb4 56. Qc6 Qf4+ 57. Ke8 Qe4 58. Qa6 Kxd5+ 59. Kd7 Qh7+
60. Kc8 Qh8+ 61. Kc7 Qg7+ 62. Kc8 Qxb2 63. Qxa5 Kd4 64. Kc7 d5
65. Kc6 Qb4 66. Qa1+ Kc4 67. Qf1+ Kb3 68. Qb1+ Kc3 69. Qc1+
Kd3 70. Qd1+ Ke3 71. Qg1+ Kf4 72. Kxd5 Qb7+ 73. Kc4 Qa6+
74. Kc3 Qa3+ 75. Kc4 Qa4+ 76. Kc3 Qb4+ 77. Kc2 Qc4+ 78. Kd2
Ke5 79. Qg7+ Kd6 80. Qf6+ Kc7 81. Qg6 Qb4+ 82. Kc2 Qa4+
83. Kc3 Qd4+ 84. Kc2 c4 85. Qg3+ Kc6 86. Qf3+ Kc5 87. Qf8+ Qd6
1/2-1/2

[Event "FIDE Women's Grand Prix Nalchik"]
[Site "Nalchik RUS"]
[Date "2011.10.12"]
[EventDate "2011.10.09"]
[Round "4"]
[Result "0-1"]
[White "Alexandra Kosteniuk"]
[Black "Antoaneta Stefanova"]
[WhiteElo "2469"]
[BlackElo "2528"]
[PlyCount "128"]

1. e4 c6 2. Nc3 d5 3. Nf3 Bg4 4. Be2 e6 5. d4 Nf6 6. h3 Bxf3
7. Bxf3 Bb4 8. e5 Nfd7 9. O-O Be7 10. Ne2 c5 11. c3 Nc6 12. b3
cxd4 13. cxd4 O-O 14. Bg4 Qb6 15. Be3 Rfc8 16. f4 Nb4 17. Bf2
g6 18. Bf3 Qa6 19. Nc1 Nc2 20. Rb1 Rc3 21. Be2 Qa3 22. Nd3
Rac8 23. Qd2 Nb4 24. Nxb4 Bxb4 25. Qb2 Rc2 26. Qxa3 Bxa3
27. Bb5 Nb8 28. Ra1 a6 29. Bd3 Rd2 30. Rfd1 Rxd1+ 31. Rxd1 Rc1
32. Rxc1 Bxc1 33. g3 Nc6 34. Kg2 Bb2 35. g4 Bxd4 36. Bh4 Kf8
37. Kf3 Bb2 38. Bg5 Nb4 39. Bb1 Nc6 40. Bh6+ Kg8 41. Ke2 Bc1
42. Kd1 Ba3 43. Kd2 Bf8 44. Bg5 h6 45. Bf6 Be7 46. Ke3 g5
47. Bd3 Kf8 48. Kf3 Bxf6 49. exf6 Nb8 50. fxg5 hxg5 51. Ke3
Nd7 52. Kd4 Ke8 53. b4 Kd8 54. h4 gxh4 55. g5 Kc7 56. Bf1 Kd6
57. Bh3 Ne5 58. Ke3 Ng6 59. Kd4 Nf4 60. Bg4 h3 61. Ke3 h2
62. Bf3 e5 63. Kf2 e4 64. Bh1 Ke5 0-1

[Event "FIDE Women's Grand Prix Nalchik"]
[Site "Nalchik RUS"]
[Date "2011.10.15"]
[EventDate "2011.10.09"]
[Round "6"]
[Result "0-1"]
[White "Batkhuyag Munguntuul"]
[Black "Antoaneta Stefanova"]
[WhiteElo "2465"]
[BlackElo "2528"]
[PlyCount "76"]

1. e4 c6 2. d4 d5 3. e5 Bf5 4. Be3 e6 5. Nf3 Ne7 6. Nbd2 h6
7. Be2 Bh7 8. c4 Nf5 9. O-O Be7 10. Qb3 Qb6 11. c5 Qc7 12. Qc3
Nxe3 13. Qxe3 a5 14. a3 a4 15. Rfc1 Nd7 16. b4 axb3 17. Qxb3
O-O 18. a4 f6 19. Qb2 fxe5 20. Nxe5 Nxe5 21. dxe5 Rf4 22. Nf3
Rfxa4 23. Rxa4 Rxa4 24. Nd4 Qxe5 25. Qxb7 Bf8 26. Nf3 Qxe2
27. Re1 Qb5 28. Qd7 Bf5 29. h3 Bxc5 30. g4 Qb2 31. Qe8+ Kh7
32. Ng5+ hxg5 33. Qh5+ Kg8 34. Qe8+ Bf8 35. gxf5 Rf4 36. Qxe6+
Kh8 37. Re2 Qb1+ 38. Kg2 Qxf5 0-1

[Event "FIDE Women's Grand Prix Nalchik"]
[Site "Nalchik RUS"]
[Date "2011.10.16"]
[EventDate "2011.10.09"]
[Round "7"]
[Result "0-1"]
[White "Antoaneta Stefanova"]
[Black "Kateryna Lahno"]
[WhiteElo "2528"]
[BlackElo "2554"]
[PlyCount "146"]

1. d4 Nf6 2. Nf3 g6 3. c4 Bg7 4. Nc3 d5 5. Bg5 Ne4 6. Bh4 Nxc3
7. bxc3 dxc4 8. Qa4+ Qd7 9. Qxc4 b6 10. e3 Ba6 11. Qb3 Bxf1
12. Kxf1 O-O 13. Ke2 Nc6 14. Rhd1 Na5 15. Qb4 e6 16. Rac1 Rfc8
17. c4 Qe8 18. Nd2 Qc6 19. Kf1 Qd6 20. Qxd6 cxd6 21. Ke2 Kf8
22. Rc2 Rc6 23. Rdc1 Rac8 24. Kd3 d5 25. g4 Ke8 26. Bg3 Kd7
27. cxd5 exd5 28. Rxc6 Nxc6 29. Ra1 Nb4+ 30. Ke2 Rc3 31. Kd1
Ra3 32. Rc1 Rxa2 33. Rc7+ Ke6 34. f4 Bf6 35. f5+ gxf5
36. gxf5+ Kxf5 37. Rxf7 Kg6 38. Rd7 Bg5 39. Ke2 Nc2 40. Kd3
Nxe3 41. Nf3 Ra3+ 42. Ke2 Nf5 43. Bb8 Ra2+ 44. Kd3 Ra3+
45. Ke2 Bf6 46. Rxd5 b5 47. Ne5+ Bxe5 48. Bxe5 b4 49. Rb5 a5
50. Kd2 Nh4 51. Kc2 Nf3 52. Bh8 Rc3+ 53. Kb2 Rc8 54. Rb6+ Kf5
55. Bg7 Ke4 56. Rb5 Rg8 57. Bf6 Rg2+ 58. Kb3 Rg6 59. Bh8 Rg8
60. Bf6 Rf8 61. Bg7 Rf7 62. Bh8 Rf5 63. Rb7 Nxd4+ 64. Kc4 Nf3
65. Re7+ Ne5+ 66. Bxe5 Rxe5 67. Rxh7 Re8 68. Rh4+ Ke3 69. Rh3+
Kd2 70. Kb5 Re3 71. Rh8 b3 72. Kxa5 b2 73. Rb8 Kc2 0-1

[Event "FIDE Women's Grand Prix Nalchik"]
[Site "Nalchik RUS"]
[Date "2011.10.19"]
[EventDate "2011.10.09"]
[Round "9"]
[Result "0-1"]
[White "Antoaneta Stefanova"]
[Black "Zhao Xue"]
[WhiteElo "2528"]
[BlackElo "2497"]
[PlyCount "74"]

1. d4 Nf6 2. Nf3 e6 3. e3 c5 4. Bd3 Be7 5. c4 cxd4 6. exd4 Nc6
7. a3 d5 8. c5 a5 9. Nc3 b6 10. Bb5 Bd7 11. Qa4 Rc8 12. b4
axb4 13. axb4 O-O 14. O-O bxc5 15. dxc5 d4 16. Ne2 e5 17. Bg5
Nd5 18. Bxe7 Qxe7 19. Bxc6 Bxc6 20. b5 d3 21. bxc6 dxe2
22. Rfc1 e4 23. Nd4 Nf4 24. Re1 Qxc5 25. g3 Rfd8 26. gxf4 Rxd4
27. Qa6 Rxc6 28. Qxe2 h6 29. Ra8+ Kh7 30. Qe3 Rg6+ 31. Kh1 Qd5
32. Raa1 f5 33. Rac1 Qd6 34. Rg1 Rd3 35. Rxg6 Qxg6 36. Qc5 Qg4
37. Qe5 e3 0-1